Least Homicidal Non-Developed Countries Quiz Stats

 Plays Quiz not verified by Sporcle

Challenge
Share
Tweet
Score 0/25 Timer 06:00
0 Plays Today
Homicide Rate (per 100,000) Country % Correct
1.1Qatar
70.4%
1.7Bhutan
70.4%
0.5Bahrain
68.8%
0.4Kuwait
68%
1.1Oman
68%
1.7Romania
65.6%
1.2Poland
65.6%
1.9Bulgaria
63.2%
1.2Croatia
61.6%
1.2Serbia
61.6%
2.0Jordan
59.2%
1.3Bosnia and Herzegovina
58.4%
1.8Armenia
58.4%
Homicide Rate (per 100,000) Country % Correct
1.4Macedonia
56.8%
0.8Saudi Arabia
56%
1.3Hungary
56%
1.0China
53.6%
2.0Brunei
53.6%
1.6Tajikistan
47.2%
1.0Tonga
45.6%
0.6Indonesia
43.2%
0.7Algeria
36.8%
1.7Libya
36%
1.8Malawi
16.8%
1.9Sierra Leone
12.8%

You're not logged in!

Compare scores with friends on all Sporcle quizzes.
OR
Log In

You Might Also Like...

Show Comments

Extras

Top Quizzes Today


Score Distribution

Your Account Isn't Verified!

In order to create a playlist on Sporcle, you need to verify the email address you used during registration. Go to your Sporcle Settings to finish the process.

Report this User

Report this user for behavior that violates our Community Guidelines.

Details: